Ergonomický dizajn užívateľského rozhrania : Dipl.práca

Salvato in:
Dettagli Bibliografici
Autore principale: Kovalík, Peter (Autore)
Altri autori: Hantuch, Igor, 1948- (Relatore della tesi)
Natura: Manoscritto Libro
Lingua:slovacco
Pubblicazione: Bratislava : STU v Bratislave FEI, 1997
Soggetti:
Tags: Aggiungi Tag
Nessun Tag, puoi essere il primo ad aggiungerne!!

MARC

LEADER 00000ntm a22000003a 4500
001 stu24844
005 20160719164935.7
008 980212s1997------------------------slo-d
040 |a STU  |b slo 
041 0 |a slo 
100 1 |a Kovalík, Peter  |4 aut 
245 1 |a Ergonomický dizajn užívateľského rozhrania :  |b Dipl.práca 
260 |a Bratislava :  |b STU v Bratislave FEI,  |c 1997 
300 |a 94 s., disketa 
650 7 |a automatizácia  |2 stusub 
700 1 |a Hantuch, Igor,  |d 1948-  |4 ths  |u E1110  |U FEI Ústav robotiky a kybernetiky  |T FEI Automatizácia a regulácia  |X 4943  |U E1110  |Y 57  |7 A000004943